<?xml version="1.0" encoding="UTF-8"?>
<collection xmlns="http://www.loc.gov/MARC21/slim">
 <record>
  <leader>02964nam a22003377a 4500</leader>
  <controlfield tag="001">NCT_124541</controlfield>
  <controlfield tag="008">220514b        xxu||||| |||| 00| 0 vie d</controlfield>
  <datafield tag="999" ind1=" " ind2=" ">
   <subfield code="c">6379</subfield>
   <subfield code="d">6379</subfield>
  </datafield>
  <datafield tag="020" ind1=" " ind2=" ">
   <subfield code="a">9786049655647</subfield>
   <subfield code="c">120000</subfield>
  </datafield>
  <datafield tag="082" ind1="0" ind2="4">
   <subfield code="2">23rd ed.</subfield>
   <subfield code="a">617</subfield>
   <subfield code="b">L312/T.1</subfield>
  </datafield>
  <datafield tag="100" ind1="1" ind2=" ">
   <subfield code="a">Phạm Văn Lình</subfield>
   <subfield code="e">Chủ biên</subfield>
  </datafield>
  <datafield tag="245" ind1="1" ind2="0">
   <subfield code="a">Ngoại cơ sở :</subfield>
   <subfield code="b">Dành cho sinh viên Y đa khoa</subfield>
   <subfield code="n">Tập 1</subfield>
   <subfield code="c">Phạm Văn Lình, Phạm Văn Năng (Chủ biên)</subfield>
  </datafield>
  <datafield tag="250" ind1=" " ind2=" ">
   <subfield code="a">Tái bản lần thứ 1</subfield>
  </datafield>
  <datafield tag="260" ind1=" " ind2=" ">
   <subfield code="a">Cần Thơ</subfield>
   <subfield code="b">Đại học Cần Thơ</subfield>
   <subfield code="c">2021</subfield>
  </datafield>
  <datafield tag="300" ind1=" " ind2=" ">
   <subfield code="a">175 tr.</subfield>
   <subfield code="b">Minh họa</subfield>
   <subfield code="c">27cm</subfield>
  </datafield>
  <datafield tag="500" ind1=" " ind2=" ">
   <subfield code="a">ĐTTS ghi: Trường Đại học Y dược Cần Thơ. Bộ môn ngoại</subfield>
  </datafield>
  <datafield tag="520" ind1="3" ind2=" ">
   <subfield code="a">Sách trình bày triệu chứng học các bệnh lý thuộc các Phân môn Ngoại Tiêu hóa và Ngoại Lồng ngực - Mạch máu. Nội dung mỗi bài giảng bao gồm giải phẫu ứng dụng, các bước thăm khám để phát hiện triệu chứng cơ năng và dấu hiệu thực thể và những cận lâm sàng hỗ trợ chẩn đoán.</subfield>
  </datafield>
  <datafield tag="653" ind1=" " ind2=" ">
   <subfield code="a">Y đa khoa</subfield>
  </datafield>
  <datafield tag="700" ind1="1" ind2=" ">
   <subfield code="a">Phạm Văn Năng </subfield>
   <subfield code="e">Chủ biên</subfield>
  </datafield>
  <datafield tag="942" ind1=" " ind2=" ">
   <subfield code="2">ddc</subfield>
   <subfield code="c">BK</subfield>
  </datafield>
  <datafield tag="952" ind1=" " ind2=" ">
   <subfield code="0">0</subfield>
   <subfield code="1">0</subfield>
   <subfield code="2">ddc</subfield>
   <subfield code="4">0</subfield>
   <subfield code="6">617_000000000000000_L312_T_1</subfield>
   <subfield code="7">0</subfield>
   <subfield code="9">23982</subfield>
   <subfield code="a">000001</subfield>
   <subfield code="b">000001</subfield>
   <subfield code="d">2022-05-14</subfield>
   <subfield code="o">617 L312/T.1</subfield>
   <subfield code="p">MD.19476</subfield>
   <subfield code="r">2022-05-14</subfield>
   <subfield code="v">120000.00</subfield>
   <subfield code="w">2022-05-14</subfield>
   <subfield code="y">BK</subfield>
  </datafield>
  <datafield tag="952" ind1=" " ind2=" ">
   <subfield code="0">0</subfield>
   <subfield code="1">0</subfield>
   <subfield code="2">ddc</subfield>
   <subfield code="4">0</subfield>
   <subfield code="6">617_000000000000000_L312_T_1</subfield>
   <subfield code="7">0</subfield>
   <subfield code="9">23983</subfield>
   <subfield code="a">000001</subfield>
   <subfield code="b">000001</subfield>
   <subfield code="d">2022-05-14</subfield>
   <subfield code="l">1</subfield>
   <subfield code="m">1</subfield>
   <subfield code="o">617 L312/T.1</subfield>
   <subfield code="p">MD.19477</subfield>
   <subfield code="r">2023-06-01</subfield>
   <subfield code="s">2023-05-13</subfield>
   <subfield code="v">120000.00</subfield>
   <subfield code="w">2022-05-14</subfield>
   <subfield code="y">BK</subfield>
  </datafield>
  <datafield tag="952" ind1=" " ind2=" ">
   <subfield code="0">0</subfield>
   <subfield code="1">0</subfield>
   <subfield code="2">ddc</subfield>
   <subfield code="4">0</subfield>
   <subfield code="6">617_000000000000000_L312_T_1</subfield>
   <subfield code="7">0</subfield>
   <subfield code="9">23984</subfield>
   <subfield code="a">000001</subfield>
   <subfield code="b">000001</subfield>
   <subfield code="d">2022-05-14</subfield>
   <subfield code="o">617 L312/T.1</subfield>
   <subfield code="p">MD.19478</subfield>
   <subfield code="r">2022-05-14</subfield>
   <subfield code="v">120000.00</subfield>
   <subfield code="w">2022-05-14</subfield>
   <subfield code="y">BK</subfield>
  </datafield>
  <datafield tag="952" ind1=" " ind2=" ">
   <subfield code="0">0</subfield>
   <subfield code="1">0</subfield>
   <subfield code="2">ddc</subfield>
   <subfield code="4">0</subfield>
   <subfield code="6">617_000000000000000_L312_T_1</subfield>
   <subfield code="7">0</subfield>
   <subfield code="9">23985</subfield>
   <subfield code="a">000001</subfield>
   <subfield code="b">000001</subfield>
   <subfield code="d">2022-05-14</subfield>
   <subfield code="l">1</subfield>
   <subfield code="m">1</subfield>
   <subfield code="o">617 L312/T.1</subfield>
   <subfield code="p">MD.19479</subfield>
   <subfield code="r">2023-05-06</subfield>
   <subfield code="s">2023-04-17</subfield>
   <subfield code="v">120000.00</subfield>
   <subfield code="w">2022-05-14</subfield>
   <subfield code="y">BK</subfield>
  </datafield>
  <datafield tag="952" ind1=" " ind2=" ">
   <subfield code="0">0</subfield>
   <subfield code="1">0</subfield>
   <subfield code="2">ddc</subfield>
   <subfield code="4">0</subfield>
   <subfield code="6">617_000000000000000_L312_T_1</subfield>
   <subfield code="7">0</subfield>
   <subfield code="9">23986</subfield>
   <subfield code="a">000001</subfield>
   <subfield code="b">000001</subfield>
   <subfield code="d">2022-05-14</subfield>
   <subfield code="o">617 L312/T.1</subfield>
   <subfield code="p">MD.19480</subfield>
   <subfield code="r">2022-05-14</subfield>
   <subfield code="v">120000.00</subfield>
   <subfield code="w">2022-05-14</subfield>
   <subfield code="y">BK</subfield>
  </datafield>
  <datafield tag="952" ind1=" " ind2=" ">
   <subfield code="0">0</subfield>
   <subfield code="1">0</subfield>
   <subfield code="2">ddc</subfield>
   <subfield code="4">0</subfield>
   <subfield code="6">617_000000000000000_L312_T_1</subfield>
   <subfield code="7">0</subfield>
   <subfield code="9">23987</subfield>
   <subfield code="a">000001</subfield>
   <subfield code="b">000001</subfield>
   <subfield code="d">2022-05-14</subfield>
   <subfield code="l">3</subfield>
   <subfield code="m">1</subfield>
   <subfield code="o">617 L312/T.1</subfield>
   <subfield code="p">MD.19481</subfield>
   <subfield code="q">2023-06-21</subfield>
   <subfield code="r">2023-05-31</subfield>
   <subfield code="s">2023-05-31</subfield>
   <subfield code="v">120000.00</subfield>
   <subfield code="w">2022-05-14</subfield>
   <subfield code="y">BK</subfield>
  </datafield>
  <datafield tag="952" ind1=" " ind2=" ">
   <subfield code="0">0</subfield>
   <subfield code="1">0</subfield>
   <subfield code="2">ddc</subfield>
   <subfield code="4">0</subfield>
   <subfield code="6">617_000000000000000_L312_T_1</subfield>
   <subfield code="7">0</subfield>
   <subfield code="9">23988</subfield>
   <subfield code="a">000001</subfield>
   <subfield code="b">000001</subfield>
   <subfield code="d">2022-05-14</subfield>
   <subfield code="o">617 L312/T.1</subfield>
   <subfield code="p">MD.19482</subfield>
   <subfield code="r">2022-05-14</subfield>
   <subfield code="v">120000.00</subfield>
   <subfield code="w">2022-05-14</subfield>
   <subfield code="y">BK</subfield>
  </datafield>
  <datafield tag="952" ind1=" " ind2=" ">
   <subfield code="0">0</subfield>
   <subfield code="1">0</subfield>
   <subfield code="2">ddc</subfield>
   <subfield code="4">0</subfield>
   <subfield code="6">617_000000000000000_L312_T_1</subfield>
   <subfield code="7">0</subfield>
   <subfield code="9">23989</subfield>
   <subfield code="a">000001</subfield>
   <subfield code="b">000001</subfield>
   <subfield code="d">2022-05-14</subfield>
   <subfield code="o">617 L312/T.1</subfield>
   <subfield code="p">MD.19483</subfield>
   <subfield code="r">2022-05-14</subfield>
   <subfield code="v">120000.00</subfield>
   <subfield code="w">2022-05-14</subfield>
   <subfield code="y">BK</subfield>
  </datafield>
  <datafield tag="952" ind1=" " ind2=" ">
   <subfield code="0">0</subfield>
   <subfield code="1">0</subfield>
   <subfield code="2">ddc</subfield>
   <subfield code="4">0</subfield>
   <subfield code="6">617_000000000000000_L312_T_1</subfield>
   <subfield code="7">0</subfield>
   <subfield code="9">23990</subfield>
   <subfield code="a">000001</subfield>
   <subfield code="b">000001</subfield>
   <subfield code="d">2022-05-14</subfield>
   <subfield code="o">617 L312/T.1</subfield>
   <subfield code="p">MD.19484</subfield>
   <subfield code="r">2022-05-14</subfield>
   <subfield code="v">120000.00</subfield>
   <subfield code="w">2022-05-14</subfield>
   <subfield code="y">BK</subfield>
  </datafield>
  <datafield tag="952" ind1=" " ind2=" ">
   <subfield code="0">0</subfield>
   <subfield code="1">0</subfield>
   <subfield code="2">ddc</subfield>
   <subfield code="4">0</subfield>
   <subfield code="6">617_000000000000000_L312_T_1</subfield>
   <subfield code="7">0</subfield>
   <subfield code="9">23991</subfield>
   <subfield code="a">000001</subfield>
   <subfield code="b">000001</subfield>
   <subfield code="d">2022-05-14</subfield>
   <subfield code="l">1</subfield>
   <subfield code="o">617 L312/T.1</subfield>
   <subfield code="p">MD.19485</subfield>
   <subfield code="r">2022-08-10</subfield>
   <subfield code="s">2022-07-19</subfield>
   <subfield code="v">120000.00</subfield>
   <subfield code="w">2022-05-14</subfield>
   <subfield code="y">BK</subfield>
  </datafield>
  <datafield tag="980" ind1=" " ind2=" ">
   <subfield code="a">Thư viện Trường Đại học Nam Cần Thơ</subfield>
  </datafield>
 </record>
</collection>
